• 首页
  • 本馆介绍
  • 公告通知
  • 最新文献
  • 馆藏检索
  • 电子资源
  • 读者导购
  • 参考咨询
  • 我的图书馆
  • 登录
  • 详细信息显示
  • 放入我的书架
  • 预约/预借图书
  • 作者相关作品
  • 分类相关作品
  • 丛书相关作品
  • 出版社相关作品

书目信息

  • 表格格式
  • 工作单格式
  • 卡片格式
题名:
硬聚氯乙化工设备
    
 
作者: ;上海医药工业设计院革委会 , 化工部化工设备中心站 编
分册:  
出版信息: 上海   上海人民出版社  1970
页数: 58页
开本: 19cm
丛书名:
单 册:
中图分类: TQ05
科图分类:
主题词: 聚氯乙烯塑料-塑料成型--工艺 , 塑料成型-聚氯乙烯塑料--工艺 , 化工机械 , 化工设备
电子资源:
ISBN:
000 00985nam0 2200277 45
001 0183004809
005 20060303105606.54
010    @dCNY0.14
091    @a15.4.75
100    @a19950317d1970 em y0chiy0121 ea
101 0  @achi
102    @aCN@b310000
105    @ay 000yy
200 10 @a硬聚氯乙化工设备@Aying ju lv yi xi su liao cheng xing jia gong@f上海医药工业设计院革委会,化工部化工设备中心站编@Fshang hai yi yao gong ye she ji yuan ge wei hui,hua gong bu hua gong she bei zhong xin zhan bian
210    @a上海@c上海人民出版社@d1970
215    @a58页@d19cm
606    @a聚氯乙烯塑料-塑料成型@x工艺
606    @a塑料成型-聚氯乙烯塑料@x工艺
606 0  @a化工机械
606 0  @a化工设备
690    @aTQ05@v3
711  0 @a上海医药工业设计院革委会@Ashang hai yi yao gong ye she ji yuan ge wei hui@4编
711  0 @a化工部化工设备中心站@Ahua gong bu hua gong she bei zhong xin zhan@4编
801  2 @aCN@bNLC@c20060303
801  0 @aCN@bTSSF
905    @a10447@dTQ05@e2
    
    硬聚氯乙化工设备/上海医药工业设计院革委会,化工部化工设备中心站编.-上海:上海人民出版社,1970
    58页;19cm
    
    
    ISBN :CNY0.14
    
●
相关链接 在E读中查询图书 在五车中查询图书 在当当中查询图书 在豆瓣中查询图书


正题名:硬聚氯乙化工设备     索取号:TQ05/2         预约/预借

序号 登录号 条形码 馆藏地/架位号 状态 备注
1 0013548   001646231   密集书库/ [索取号:TQ05/2] 在馆    
唐山师范学院图书馆 欢迎您!
大连网信软件有限公司© 版权所有